Central Library OPAC University of Rajshahi

Applied mathematics for electronics / (Record no. 13906)

MARC details
000 -LEADER
fixed length control field 00796cam a22002531 4500
001 - CONTROL NUMBER
control field 13906
003 - CONTROL NUMBER IDENTIFIER
rucl marc code BD-RjUL
005 - DATE AND TIME OF LATEST TRANSACTION
control field 20211208235532.0
008 - FIXED-LENGTH DATA ELEMENTS--GENERAL INFORMATION
fixed length control field 140203s1967 nyua 001 0 eng d
035 ## - SYSTEM CONTROL NUMBER
System control number (BD-RjUL)13958
040 ## - CATALOGING SOURCE
Original cataloging agency DLC
Transcribing agency Wa
Modifying agency ICU
-- DLC
-- (BD-RjUL)
Language of cataloging eng
041 ## - LANGUAGE CODE
Language code of text/sound track or separate title eng
082 00 - DEWEY DECIMAL CLASSIFICATION NUMBER
Classification number 621.3810151
Author mark and year ADA 1967
100 1# - MAIN ENTRY--PERSONAL NAME
Personal name Adams, Lovincy J.
Fuller form of name (Lovincy Joseph),
Dates associated with a name 1907-
9 (RLIN) 43460
245 10 - TITLE STATEMENT
Title Applied mathematics for electronics /
Statement of responsibility, etc. by Lovincy J. Adams
260 ## - PUBLICATION, DISTRIBUTION, ETC. (IMPRINT)
Place of publication, distribution, etc. New York :
-- London ;
Name of publisher, distributor, etc. Holt, Rinehart and Winston,
Date of publication, distribution, etc. c1967
300 ## - PHYSICAL DESCRIPTION
Pagination xviii, 7O2 p. :
Illustrations illus. ;
Size 25 cm.
504 ## - BIBLIOGRAPHY, ETC. NOTE
Bibliography, etc Includes Index
650 #0 - SUBJECT ADDED ENTRY--TOPICAL TERM
Topical term or geographic name as entry element Electronics
General subdivision Mathematics.
9 (RLIN) 39577
700 1# - ADDED ENTRY--PERSONAL NAME
Personal name Journigan, Russell
Relator term joint author.
942 ## - ADDED ENTRY ELEMENTS (KOHA)
Source of classification or shelving scheme Dewey Decimal Classification
Koha item type Books
Holdings
Lost status Source of classification or shelving scheme Damaged status Not for loan Collection code Permanent Location Current Location Shelving location Date acquired Source of acquisition Cost, normal purchase price Total Checkouts Full call number Date last seen Copy number Koha item type
  Dewey Decimal Classification     Non-fiction Central Library, University of Rajshahi Central Library, University of Rajshahi   02/10/1970 Zeitliger 108.00   621.3810151 ADA 1967 03/02/2014 C-2 Books
  Dewey Decimal Classification   Not For Loan Non-fiction Central Library, University of Rajshahi Central Library, University of Rajshahi Reading Room 02/10/1970 Zeitliner. 108.00   621.3810151 ADA 1967 16/03/2017 C-1 Books